Deformation and ductility of high-strength concrete /
Saved in:
| Main Author: | |
|---|---|
| Format: | Thesis Book |
| Language: | English |
| Published: |
1996.
|
| Subjects: | |
| Tags: |
Add Tag
No Tags, Be the first to tag this record!
|
| LEADER | 00757cam a2200229 a 4500 | ||
|---|---|---|---|
| 001 | u405593 | ||
| 003 | SIRSI | ||
| 008 | 961213s1996 si v 00 1 eng m | ||
| 035 | |a ACB-8594 | ||
| 040 | |a UMM | ||
| 090 | |a TA683.5 |b B3Chi | ||
| 100 | 1 | 0 | |a Chin, Mee Shian. |
| 245 | 1 | 0 | |a Deformation and ductility of high-strength concrete / |c by Chin Mee Shian. |
| 260 | |c 1996. | ||
| 300 | |a xxi, 262 leaves : |b ill. ; |c 30 cm. | ||
| 502 | |a Thesis (Ph.D.) -- National University of Singapore, 1996. | ||
| 504 | |a Bibliography: leaves 223-233. | ||
| 650 | 0 | |a High strength concrete |x Testing | |
| 650 | 0 | |a Concrete beams |x Testing | |
| 948 | |a 13/12/1996 |b 25/11/2000 | ||
| 596 | |a 1 | ||
| 999 | |a TA683.5 B3CHI |w LC |c 1 |i A506470608 |d 4/1/2000 |l STACKS |m P01UTAMA |n 4 |r Y |s Y |t TESIS |u 30/1/1997 | ||
